00768nam a2200193 a 450000100100000000500170001000800410002702000150006810000720008324501090015526000510026430000210031549000310033670000330036783000380040095201060043899900170054404000130056100002213020200930011608.0100917s1994 sp 000 0 spa d a84703969941 aParavicino y Arteaga, Hortensio Félix,cFray,d(1580-1633)94583010aSermones cortesanos. /cFray Hortensio Paravicino ; edición, introducción y notas de Francis Cerdan. aMadrid, España :bEditorial Castalia,c1994. a333 p. ;c22 cm.1 aClásicos madrileñosv61 aCerdan, Francis,eed.945831 0aClásicos madrileñosv6945832 0010507-18MOaGRbGRcOId2010-09-17iLF1l0o p22130-10r2020-06-25w2020-06-25y1ZNo se presta c21628d21628 aDO-SdBNP